000 00472nam a22001817a 4500
005 20230110133641.0
008 221216b |||||||| |||| 00| 0 eng d
020 _a978-93-88818-50-6
041 _aeng
082 _a615.7 KAR-M
100 _aKAR, ASHUTOSH
_95122
245 _aMEDICINAL CHEMISTRY -II
250 _a1st ed.
260 _bNEW AGE INTERNATIONAL PUBLICATION PUBLISHERS
_c2022
300 _a229;P.
650 _aPHARMACY
_xB.PHARMA
_97083
942 _cBK
999 _c8075
_d8073